000
00421nam a2200133Ia 4500
008
100328s9999 xx 000 0 und d
082
_b
21070
100
_a
आपटे ह.ना.
245
_a
कुणी कुणाचे नव्हे
260
_b
नागपूर
630
_a
कुणी कुणाचे नव्हे
730
_a
कुणी कुणाचे नव्हे
942
_c
BOOK
999
_c
515118
_d
515115